000 01254cam a2200301 a 4500
001 1087696
003 ARRUPE
005 20150116121351.0
008 920528s1993 enka b 001 0 eng
010 _a 92020205
020 _a0521354048
040 _aDLC
_cDLC
_dDLC
050 0 0 _aQC133
_b.H65 1993
082 0 0 _a530.1/2
_220
100 1 _aHolland, Peter R.
_914113
245 1 4 _aThe quantum theory of motion :
_ban account of the de Broglie-Bohm causal interpretation of quantum mechanics /
_cPeter R. Holland.
260 _aCambridge [England] ;
_aNew York, NY :
_bCambridge University Press,
_c1993.
300 _axix, 598 p. :
_bill. ;
_c26 cm.
504 _aIncludes bibliographical references (p. 572-584) and index.
650 0 _aMotion.
_913658
650 0 _aQuantum theory.
_914114
650 0 _aRelativistic quantum theory.
_914115
856 4 2 _3Publisher description
_uhttp://www.loc.gov/catdir/description/cam041/92020205.html
856 4 1 _3Table of contents
_uhttp://www.loc.gov/catdir/toc/cam041/92020205.html
906 _a7
_bcbc
_corignew
_d1
_eocip
_f19
_gy-gencatlg
942 _2lcc
_cMONOGRAPH
999 _c121727
_d121727